|
|
|
|
| LEADER |
01513nam a2200337 a 4500 |
| 001 |
14267816 |
| 003 |
BD-DhAAL |
| 005 |
20250417100243.0 |
| 008 |
090521s2007 mauab b 001 0 eng d |
| 010 |
|
|
|a 2006005283
|
| 020 |
|
|
|a 0763728403
|
| 020 |
|
|
|a 9780763728403
|
| 035 |
|
|
|a (OCoLC)ocm64067623
|
| 040 |
|
|
|a DNLM/DLC
|c DLC
|d NLM
|d BAKER
|d UKM
|d C#P
|d DLC
|d BD-DhAAL
|
| 082 |
0 |
0 |
|a 362.1
|2 22
|
| 100 |
1 |
|
|a Kaufman, Mildred.
|9 26486
|
| 245 |
1 |
0 |
|a Nutrition in promoting the public's health :
|b strategies, principles, and practices /
|c Mildred Kaufman.
|
| 260 |
|
|
|a Sudbury, Mass. :
|b Jones and Bartlett Publishers,
|c c2007.
|
| 300 |
|
|
|a xix, 617 pages :
|b illustrations, map ;
|c 24 cm.
|
| 504 |
|
|
|a Includes bibliographical references and index.
|
| 526 |
|
|
|x Salim khan
Sr. program Associate
James P. Grant School.
Course name and no. N/A
|
| 541 |
1 |
|
|a Karim International
|e 00018389
|
| 650 |
|
0 |
|a Nutrition
|z United States.
|9 26487
|
| 650 |
|
0 |
|a Public health
|z United States.
|9 26488
|
| 650 |
1 |
2 |
|a Nutrition
|z United States.
|9 26487
|
| 650 |
1 |
2 |
|a Public Health
|z United States.
|9 26489
|
| 650 |
2 |
2 |
|a Health Promotion
|z United States.
|9 26490
|
| 852 |
4 |
|
|a Ayesha Abed library
|j Generl Shelf.
|
| 942 |
|
|
|2 ddc
|c BK
|
| 999 |
|
|
|c 914
|d 914
|
| 952 |
|
|
|0 0
|1 0
|2 ddc
|4 0
|6 362_100000000000000_KAU_2007
|7 0
|9 845
|a BRACUL
|b BRACUL
|c GEN
|d 2009-05-24
|e Karim International
|g 4850.00
|l 0
|o 362.1 KAU
|p 3010018389
|r 2009-05-24
|t 1
|w 2009-05-24
|y BK
|x Requisitioned by Salim khan, Sr. program Associate, James P. Grant School. Course name and no. N/A
|